01554 a2200193 45000010006000000050017000060080041000230030015000640400040000790800104001192450058002230200018002812640076002993000019003755050901003940410008012951000028013037000029013313646520260407155639.0260407a1984 arg spa dAR-UNSa-BCEJYS aAR-UNSa-BCEJYSbspacAR-UNSa-BCEJYS a351.72xFinanzas públicas. Legislación (Contabilidad Pública, Administración financiera...)10aTécnicas contables en la administración pública a84-7351-175-1 1aMadrid :bInstituto Nacional de Administración Pública (INAP)c1984 a491 p.c19 cm. aI: Consideraciones previas : 1. La contabilidad general pública, como disciplina de elaboración histórica : concepto tradicional - 2. La contabilidad pública como instrumento de registro de la ejecución del presupuesto y como elemento básico de control.Insuficiencia derivadas - 3. Los gastos fiscales - 4. El presupuesto de gastos fiscales - II: Técnicas contables en la administración pública : 2. Los términos macroeconómicos de la contabilidad nacional - 3. Magnitudes macroeconómicas(delimitación y cálculo)- 4.Nuevas técnicas contables - 5. Necesidades de una contabilidad patrimonial - III: La contabilización de los gastos fiscales : 1. Contabilización de exenciones y bonificaciones: Aspectos normativos - 2. Consignación de los beneficios fiscales en los presupuestos generales del Estado - 3. Situación actual y formación de un modelo contable.  aspa1 aHerrero Suazo, Santiago1 aHerrero Nieto, Jose Luis